000 00635nam a2200205Ia 4500
001 8017
003 GE_BSU
008 181216s||||||||xx |||||||||||||| ||und||
040 _cGE_BSU
080 _a54(035.5)
245 _aКраткий справочник химика.
245 _cСост.В.И.Перельман, под общей ред. Б.В.Некрасова. Ред. В.А.Аврамов,Е.В.Яшке.
260 _aМ.
260 _bГосхимиздат.
260 _c1954.
300 _a559стр. 20см.
300 _eтабл.
653 _aКраткий справочник химика.
942 _cBK
999 _c41359
_d41359